| 000 | 00531nam a22002057a 4500 | ||
|---|---|---|---|
| 003 | OSt | ||
| 005 | 20140310182351.0 | ||
| 008 | 130320t xxu||||| |||| 00| 0 eng d | ||
| 020 | _a0590431536 | ||
| 050 |
_aPZ 7 _b.Y46 1988 |
||
| 082 |
_aGS 823 _bY4g 1988 |
||
| 100 |
_aYeo, Wilma _922155 |
||
| 245 |
_aThe girl in the window / _cWilma Yeo. |
||
| 260 |
_aNew York : _bScholastic, _c1988. |
||
| 300 |
_a119 p. : _c20 cm. |
||
| 650 |
_aFiction _9746 |
||
| 650 |
_aChildren's Stories _93210 |
||
| 942 |
_2lcc _cBK-GS |
||
| 999 |
_c12353 _d12353 |
||